Statistics for Pacific Nations True or False

Click here to take the quiz!

General Stats

  • This quiz has been taken 44 times
  • The average score is 11 of 15

Answer Stats

QuestionAnswer% Correct
The currency of the Marshall Islands is called a "dollar"True
91%
Papua New Guinea is the only Oceanian country that borders two other countriesFalse
85%
Tonga has more people than SamoaFalse
85%
In Vanuatu, English and French are both official languagesTrue
85%
Nationals of Palau are mostly ChristianTrue
82%
Nauru is the smallest Southern Hemisphere countryTrue
79%
The Solomon Islands were named after the biblical King SolomonTrue
74%
Norfolk Island is a territory of AustraliaTrue
74%
The University of the South Pacific is a single university spread over 12 Pacific countriesTrue
74%
The drink kava is produced by mashing the roots of a plant, also called kavaTrue
68%
New Caledonia's main island is 400 km / 250 miles longTrue
68%
Kiribati has been a republic since 1945False
65%
Iwo Jima, of World War II battle fame, is in Federated States of MicronesiaFalse
62%
American Samoa elects a delegate to the US congressTrue
56%
The word "ukelele" literally means, in Hawaiian, "singing instrument"False
32%

Score Distribution

Percentile by Number Answered

Percent of People with Each Score

Your Score History

You have not taken this quiz